La formación de los clérigos en orden a la obediencia en la España romanovisigoda / (Record no. 67964)

MARC details
000 -LEADER
campo de control de longitud fija 00541nam a2200157 i 4500
001 - NÚMERO DE CONTROL
campo de control 67964
003 - IDENTIFICADOR DE NÚMERO DE CONTROL
campo de control ES-MaACL
005 - FECHA Y HORA DE LA ÚLTIMA TRANSACCIÓN
campo de control 20230906170159.0
007 - CAMPO FIJO DE DESCRIPCIÓN FÍSICA--INFORMACIÓN GENERAL
campo de control de longitud fija t|
008 - DATOS DE LONGITUD FIJA--INFORMACIÓN GENERAL
campo de control de longitud fija 040216s1963 sp ||||1| spa d
100 1# - ENTRADA PRINCIPAL--NOMBRE DE PERSONA
Nombre de persona Gamarra Mayor, Saturnino.
9 (RLIN) 53748
245 13 - MENCIÓN DEL TÍTULO
Título La formación de los clérigos en orden a la obediencia en la España romanovisigoda /
Mención de responsabilidad, etc. discurso inaugural pronunciado por Saturnino Gamarra Mayor.
260 ## - PUBLICACIÓN, DISTRIBUCIÓN, ETC.
Lugar de publicación, distribución, etc. Vitoria :
Nombre del editor, distribuidor, etc. Seminario Diocesano,
Fecha de publicación, distribución, etc. 1963.
300 ## - DESCRIPCIÓN FÍSICA
Extensión 45 p. ;
Dimensiones 25 cm.
852 ## - LOCALIZACIÓN
Ubicación ES-MaACL
Número de control de estantería 2037-F-21
Sublocalización o colección R.53216
Holdings
Estatus retirado Estado de pérdida Estado de daño No para préstamo Colección Biblioteca de origen Biblioteca actual Ubicación en estantería Fecha de adquisición Fuente de adquisición Total de préstamos Signatura topográfica completa Código de barras Visto por última vez Precio de reemplazo Tipo de ítem Koha
        Colección de folletos Biblioteca del Ateneo de Madrid Biblioteca del Ateneo de Madrid Depósito folletos 17/01/2008     2037-F-21 1071156 23/02/2023 23/02/2023 Folleto